000 00215nam a22000857a 4500
008 170130b xxu||||| |||| 00| 0 eng d
100 _92670
_aNCERT
245 _aFt Prints With out feet-X
260 _aNew Delhi
_bNCERT
_c2009
999 _c5826
_d5826